000 00713nam a22001937a 4500
005 20251108171846.0
008 250721s1986 xx 000 0 ara d
082 1 4 _aم/129/قيم
100 1 _aإبن قيم الجوزية، شمس الدين أبو عبد الله ... الدمشقي
245 1 0 _aالروح :
_bفي الكلام على أرواح الأموات و الأحياء بالدلائل من .... /
250 _aط2 . مزيدة
264 1 _aعمان :
_bدار الفكر للنشر و التوزيع،
_c1986.
300 _a382ص
650 1 7 _aالروح
650 1 7 _aالموت
700 1 _aعمر، عبد الفتاح محمود
_eتحقيق
942 _2ddc
_cREF
999 _c64423
_d64423